The World, the Flesh, and Father Smith /
Guardado en:
| Autor Principal: | |
|---|---|
| Formato: | Libro |
| Idioma: | Undetermined |
| Publicado: |
Boston :
Houghton Miffin Company,
1945.
|
| Materias: | |
| Etiquetas: |
Agregar Etiqueta
Sin Etiquetas, Sea el primero en etiquetar este registro!
|
| LEADER | 00485nam a22001575a 4500 | ||
|---|---|---|---|
| 001 | EHU.bham049280 | ||
| 005 | 20111222101653.0 | ||
| 008 | 111222s1945####xx############000#0#und#d | ||
| 100 | 1 | |a Marshall, Bruce. | |
| 245 | 0 | 0 | |a The World, the Flesh, and Father Smith / |c Bruce Marshall. |
| 260 | |a Boston : |b Houghton Miffin Company, |c 1945. | ||
| 300 | |a 191 p. | ||
| 653 | |a Novela | ||
| 653 | |a Sacerdote | ||
| 653 | |a Catolicismo | ||
| 859 | |a AR-BHAM |b BIB. HUMANIDADES - Donacion Lejarraga |h MFN003499 |p 003499.19 | ||
